[Event "Speed Chess Championship 2020"]
[Site "Online"]
[Date "2020.11.15"]
[Round "1.2"]
[White "Caruana, Fabiano"]
[Black "Duda, Jan-Krzysztof"]
[Result "1-0"]
[WhiteElo "2823"]
[BlackElo "2743"]
[Annotator "TA"]
[PlyCount "87"]
[EventDate "2020.10.31"]
[EventType "k.o."]
[EventCountry "NET"]
[SourceTitle "playchess.com"]
[Source "ChessBase"]
[SourceQuality "1"]

{[%evp 20,87,27,16,33,-50,38,0,0,0,7,12,21,29,20,0,0,-6,0,0,57,62,60,55,50,7,15,10,10,10,14,12,31,25,56,56,170,151,213,215,190,123,118,123,277,286,270,193,290,291,389,373,364,366,416,399,641,654,587,293,406,423,754,557,525,480,29981,29982,29982,29983]} 1. e4 c5 2. Nf3 d6 3. Bb5+ Bd7 4. Bxd7+ Qxd7 5. c4 g6 6. Nc3 Bg7 7. d4 cxd4 8. Nxd4 Nc6 9. Be3 Nf6 10. h3 O-O 11. O-O Rfc8 {B52: Sicilian: Moscow Variation with 3...Bd7.} 12. Nde2 $5 {[%mdl 4] [#] Exploring less charted territory.} (12. b3 $14) 12... Qd8 $146 (12... Qe6 $1 $15) ({Predecessor:} 12... Rab8 13. b3 a6 14. Na4 b5 15. Nb6 Rxb6 16. Bxb6 bxc4 17. bxc4 Nxe4 18. Rc1 Bh6 19. f4 {1-0 (55) Khairullin,I (2658)-Salem,A (2531) Khanty-Mansiysk 2013}) 13. Qd2 a6 {[%cal Ba7a6,Ba6b5,Bb5b4][%mdl 32] The position is equal.} 14. f3 Rab8 15. Rac1 b5 16. cxb5 axb5 17. Nf4 b4 18. Nce2 Ra8 19. b3 Nd7 (19... e5 $11 20. Nd3 d5) 20. Rc2 $14 Nc5 21. Rfc1 e6 22. Rd1 ({But not} 22. Bxc5 dxc5 23. Nd3 Nd4 $15) 22... Be5 23. Nd3 Nxd3 24. Qxd3 Ne7 25. Rxc8 Nxc8 26. Qd2 Qa5 27. Rc1 $1 Na7 ({Black should play} 27... Qa6 $14) 28. a4 $18 Qa6 (28... Rd8 $16 29. Rc4 d5) 29. Nd4 {[%cal Be2d4,Bd4f3,Bf3g5][%mdl 32]} Rb8 30. Qe2 ({White should try} 30. Rc7 $18) 30... Qb7 $16 31. Qd3 h5 $2 {A mistake that costs the game.} (31... d5 $16 {might work better.}) 32. f4 $18 Bg7 33. Nf3 d5 (33... Nc6 {was necessary.} 34. f5 (34. Qxd6 Bc3 $16) 34... exf5) 34. exd5 {[%mdl 64] Overworked Piece} exd5 35. f5 gxf5 36. Qxf5 {aiming for Ng5.} Re8 37. Bf2 Nc8 $2 (37... Nc6 38. Qxd5 Nd8 39. Qxh5 Ne6) 38. Ng5 {White threatens Bc5 and mate.} Nd6 39. Qh7+ {[%mdl 64] Double Attack} Kf8 {[#]} 40. Bc5 $1 {[%mdl 512]} Qd7 {[#]} (40... Qc7 $142 41. Kh1 Re2) 41. Rf1 $1 {[%mdl 512] Intending Bxd6+ and mate.} Re7 42. Qxh5 {And now Bxd6 would win.} d4 (42... Ke8 $18 43. Bxd6 Qxd6 44. Nxf7 Qb6+ 45. Kh1 Qa6 46. Nh8+ Kd8 47. Qxd5+ Rd7 48. Nf7+ Kc7) 43. Bxd6 Qxd6 44. Rxf7+ {Weighted Error Value: White=0.21/Black=0.65} 1-0

[Event "Speed Chess Championship 2020"]
[Site "Online"]
[Date "2020.11.11"]
[Round "1.2"]
[White "Aronian, Levon"]
[Black "Nepomniachtchi, Ian"]
[Result "0-1"]
[WhiteElo "2781"]
[BlackElo "2784"]
[Annotator "TA"]
[PlyCount "72"]
[EventDate "2020.10.31"]
[EventType "k.o."]
[SourceTitle "playchess.com"]
[Source "ChessBase"]
[SourceQuality "1"]

{[%evp 15,72,23,37,35,30,-15,2,-2,0,-9,-18,-16,-28,-82,-12,-57,-50,-27,-49,-197,-206,-362,-369,-415,-419,-564,-349,-318,-308,-495,-158,-207,-200,-208,-208,-487,-479,-447,-370,-29993,-29994,-29996,-29985,-3285,-502,-489,-488,-485,-466,-428,-456,-329,-25,-623,-598,-1030,-150,-605,-608]} 1. e4 c5 2. Nf3 d6 3. d4 cxd4 4. Nxd4 Nf6 5. Nc3 a6 6. f3 e5 7. Nb3 Be6 8. Be3 Nc6 9. Qe2 {[#] B90: Sicilian Najdorf: Unusual White 6th moves, 6 Be3 Ng4 and 6 Be3 e5.} Ne7 $1 $146 {[%mdl 8] An important novelty.} ({Predecessor:} 9... Rc8 10. O-O-O Na5 11. Qd2 b5 12. Kb1 Nc4 13. Bxc4 bxc4 14. Nc1 Rb8 15. N1e2 Qc8 16. Ka1 Qb7 {½-½ (31) Yu,Y (2761)-Grandelius,N (2694) Astana 2019}) 10. O-O-O d5 $1 11. exd5 {The position is equal.} Nexd5 12. Nxd5 Nxd5 13. Kb1 Qc7 14. Bc1 (14. Bf2 $11) 14... Be7 (14... Nb4 $17 {Hoping for ...Rc8.} 15. Qe4 Be7) 15. Qe4 Rc8 16. c3 f5 17. Qa4+ (17. Qe1 $15) 17... Kf7 $19 18. Bd3 $2 (18. Ka1 {is a better defense.}) 18... Rhd8 (18... Qxc3 19. g4 $19) 19. Qa5 Qc6 20. g4 g6 21. gxf5 gxf5 {aiming for ...b6.} ({Less strong is} 21... Bxf5 22. Be4 $15) 22. Rhe1 $2 (22. c4 {was called for.} Nb4 {[%mdl 64] Discovered Attack} 23. Be2 Bxc4 24. Rxd8 Bxd8 25. Qxe5) 22... Bf6 $2 (22... b6 $19 {is more deadly.} 23. Qxa6 Nc7) 23. Bc2 b6 24. Qxa6 {[#]} Nb4 $1 {[%cal Rb4a6][%mdl 576] Pin, Discovered Attack} 25. Qf1 $2 (25. Qe2 Nxc2 26. Qxc2) (25. cxb4 Qxc2+) 25... Nxc2 26. Kxc2 Qa4 {Threatens to win with ...Rxc3+!} 27. Qh3 $2 {[#]} (27. h4 $19) 27... Rxc3+ $1 {[%mdl 576] Double Attack} 28. Kb1 (28. bxc3 Qxa2+) 28... Ra8 {[%csl Ga8][%cal Ra4a2]} 29. Qxh7+ {[#]} Bg7 (29... Ke8 $142 $1 {[%csl Ga8][%cal Ra4a2][%mdl 512]} 30. Qh5+ Bf7 31. Rd8+ Kxd8) 30. Qh5+ {[#]} Kg8 $1 {[%csl Ga8][%cal Ra4a2][%mdl 512]} 31. Rd8+ Rxd8 32. bxc3 Ra8 {[%csl Ga8][%cal Ra4a2]} 33. Re2 {[#]} Qb5 $2 $40 {[%mdl 128] [#] Black mounts an attack.} ({Not} 33... Bxb3 34. axb3 Qxb3+ 35. Rb2 $11) (33... e4 $1 $19 34. Rb2 Bxb3 35. axb3 Qa1+ 36. Kc2 Qa5) 34. Rb2 $2 {[%mdl 8192]} (34. Rg2 $1 $11 Bxb3 35. axb3) 34... Qd3+ {[%mdl 64] Double Attack} 35. Ka1 {White hopes to continue with Qg6.} Qd1 $2 (35... e4 $19 36. Qg6 Bf7) 36. Qg5 $2 (36. Kb1 $17) 36... Bxb3 {Black took control after the opening.  Weighted Error Value: White=1.30/Black=0.75} 0-1

[Event "Speed Chess Championship 2020"]
[Site "Online"]
[Date "2020.11.16"]
[Round "1.2"]
[White "Giri, Anish"]
[Black "Artemiev, Vladislav"]
[Result "1/2-1/2"]
[WhiteElo "2764"]
[BlackElo "2708"]
[Annotator "TA"]
[PlyCount "70"]
[EventDate "2020.10.31"]
[EventType "k.o."]
[EventCountry "NET"]
[SourceTitle "playchess.com"]
[Source "ChessBase"]
[SourceQuality "1"]

{[%evp 10,70,29,12,16,0,39,18,65,61,62,73,58,15,17,16,97,108,105,96,101,112,115,104,107,116,108,86,114,110,314,145,141,132,141,129,150,120,147,74,71,78,79,70,70,69,70,70,100,69,77,2,0,0,0,0,0,0,0,0,0,0,0]} 1. e4 c5 2. Nf3 a6 3. c3 e6 4. d4 d5 5. e5 Nc6 6. Be2 Bd7 {B28: Sicilian: 2 Nf3 a6 (O'Kelly Variation).} 7. O-O Rc8 8. a3 Qb6 9. dxc5 $1 Bxc5 10. b4 Be7 11. c4 dxc4 12. Nbd2 {[%cal Bb1d2,Bd2c4,Bc4b6][%mdl 32] [#]} c3 $146 (12... Nd4 $1 $11 {keeps the balance.}) ({Predecessor:} 12... Nd4 13. Nxc4 Nxe2+ 14. Qxe2 Qc7 15. Nd6+ Bxd6 16. exd6 Qxd6 17. Rd1 Qe7 18. Be3 f6 {1-0 (30) Roos,L (2370)-Forestier,C (2072) Montpellier 2015}) 13. Nc4 $16 {[%mdl 1024] White has strong compensation.} Qc7 14. Be3 $36 {[%mdl 2048] White is really pushing.} b5 15. Nb6 Rd8 {[#]} 16. Rc1 $1 {[%cal Rc1c3]} Nxe5 17. Nxe5 Qxe5 18. Bd4 Qb8 19. Bxg7 ({Much worse is} 19. Rxc3 $6 Nf6 $11) 19... Bc6 $2 (19... Bf6 $16 20. Bxh8 Bxh8 21. Nxd7 Rxd7) 20. Qb3 (20. Qc2 $18 {and the rest is easy.} Bf6 21. Bxh8 Bxh8 22. Qxh7 {[%mdl 64] Double Attack}) 20... Bf6 21. Bxf6 Nxf6 22. Qxc3 {[%mdl 64] Double Attack} Qxb6 23. Qxf6 Rg8 {[#]} 24. Bf3 (24. g3 $142 $1) 24... Bxf3 25. Qxf3 Rg5 26. Rc6 Qd4 27. Rxa6 Qd5 28. Qxd5 Rdxd5 $14 {[%mdl 4096] Endgame KRR-KRR} 29. g3 Rd2 30. a4 ({White should play} 30. Rc6 $16) 30... bxa4 $11 {The position is equal.} 31. Rxa4 Rb2 32. Kg2 Kf8 33. Ra5 Rxa5 34. bxa5 {Ra1 is the strong threat.} Ra2 35. Re1 Rxa5 {Blacks defense is rewarded with a draw.  Weighted Error Value: White=0.20/Black=0.16} 1/2-1/2

[Event "Speed Chess Championship 2020"]
[Site "Online"]
[Date "2020.11.04"]
[Round "1.2"]
[White "Fedoseev, Vladimir"]
[Black "Firouzja, Alireza"]
[Result "1-0"]
[WhiteElo "2676"]
[BlackElo "2749"]
[Annotator "TA"]
[PlyCount "51"]
[EventDate "2020.10.31"]
[EventType "k.o."]
[SourceTitle "playchess.com"]
[Source "ChessBase"]
[SourceQuality "1"]

{[%evp 19,51,0,0,-5,0,-8,-7,-7,-6,-4,18,13,25,16,20,34,43,43,52,43,42,42,43,41,62,39,66,64,68,62,548,537,739,739]} 1. d4 e6 2. c4 Nf6 3. Nf3 d5 4. g3 Be7 5. Bg2 O-O 6. Nc3 Nbd7 7. b3 b6 8. cxd5 Nxd5 9. Nxd5 exd5 10. O-O Bb7 11. Bf4 {E18: Queen's Indian: Old Main Line (4 g3 Bb7 5 Bg2 Be7 6 0-0 0-0 7 Nc3).} Re8 12. Rc1 {[#]} c6 $146 ({Predecessor:} 12... Bd6 13. Bxd6 cxd6 14. Re1 Nf6 15. Bh3 Ne4 16. Rc2 g6 17. Qc1 Bc8 {½-½ (41) Lputian,S (2614)-Anastasian,A (2596) Yerevan 2005}) 13. Bh3 {The position is equal.} Ba3 14. Rc2 Nf8 15. Ne5 c5 16. dxc5 bxc5 17. Nd3 Qb6 18. Bc1 Bxc1 19. Qxc1 c4 20. bxc4 dxc4 21. Nf4 $36 {[%mdl 2048] White has good play.} Ba6 22. Nd5 Qa5 23. Rd1 Rad8 24. Rcd2 {aiming for Ne7+!} Ne6 $2 {[%mdl 8192] [#]} (24... Kh8 $14) 25. Bxe6 $1 $18 {And now Ne7+! would win.} fxe6 {[#]} 26. Ne7+ $1 {[%mdl 512] Black did not feel at home in the position after the opening. Av CentiPawn Loss W=-4/B=-53. Weighted=-4/-40} 1-0

[Event "Speed Chess Championship 2020"]
[Site "Online"]
[Date "2020.11.04"]
[Round "1.2"]
[White "Maghsoodloo, Parham"]
[Black "Carlsen, Magnus"]
[Result "1/2-1/2"]
[WhiteElo "2676"]
[BlackElo "2862"]
[Annotator "TA"]
[PlyCount "99"]
[EventDate "2020.10.31"]
[EventType "k.o."]
[SourceTitle "playchess.com"]
[Source "ChessBase"]
[SourceQuality "1"]

{[%evp 10,99,34,14,36,13,7,6,24,0,35,24,28,20,16,0,-3,-4,0,-11,0,0,0,0,26,25,31,12,21,18,24,19,18,0,0,0,0,0,0,0,0,0,0,0,0,0,0,0,0,0,0,-8,-8,-8,-8,-5,-6,-8,0,-9,0,0,0,0,0,0,0,0,0,0,0,0,0,0,0,0,0,0,0,0,0,0,0,0,0,0,0,0,0,0,0,0]} 1. e4 c5 2. Nf3 d6 3. d4 cxd4 4. Nxd4 Nf6 5. Nc3 a6 6. h3 h6 {B90: Sicilian Najdorf: Unusual White 6th moves, 6 Be3 Ng4 and 6 Be3 e5.} 7. a4 e5 8. Nde2 {[#]} Be7 $146 ({Predecessor:} 8... Nc6 9. g4 Ne7 10. Ng3 Ng6 11. Bc4 Be6 12. Bxe6 fxe6 13. Nh5 Rc8 14. Rg1 Nh4 15. Rg3 {0-1 (42) Chigaev,M (2559)-Korobov,A (2688) Sochi 2017}) 9. g3 b6 10. Bg2 Bb7 11. O-O Nbd7 12. Nd5 Nxd5 13. exd5 O-O 14. f4 b5 15. fxe5 dxe5 16. d6 Bf6 17. Bxb7 Qb6+ 18. Kh2 Qxb7 19. Nc3 Rac8 {With the idea ...b4.} 20. axb5 axb5 {The position is equal.} 21. Nd5 {Hoping for Be3.} Rc5 22. Nxf6+ Nxf6 23. Rxf6 gxf6 24. Qg4+ $1 Kh8 25. Qf5 Qc8 26. Qxf6+ {[%mdl 64] [#] Double Attack} Kg8 27. c3 (27. Bxh6 {leads to mate.} Rxc2+ 28. Kg1 Qc5+ 29. Kf1 Qc4+ 30. Kg1 Qd4+ 31. Be3 Qxe3+ 32. Kh1 Qe4+ 33. Qf3 Qxf3+ 34. Kg1 Qg2#) 27... Qe6 28. Qxe6 fxe6 29. Bxh6 $11 {[%mdl 4096] Endgame KRR-KRB} Rd8 30. Ra6 Rd5 31. h4 R8xd6 32. Ra8+ Rd8 33. Ra6 R8d6 34. Ra8+ Kh7 35. Bg5 e4 36. Kh3 Rxg5 37. hxg5 {KR-KR} e3 {[#] White must now prevent ...e2.} 38. Ra1 Rd2 39. Re1 e2 40. b4 Kg6 41. Kg4 e5 42. Kf3 Rd3+ 43. Ke4 Rxc3 44. Rxe2 Rc4+ 45. Kxe5 {Threatens to win with Re4.} Rxb4 46. Re4 Rxe4+ 47. Kxe4 Kxg5 48. Kd4 Kg4 49. Kc5 Kxg3 50. Kxb5 {A rather calm draw. Av CentiPawn Loss W=-3/B=-3. Weighted=-3/-3} 1/2-1/2

[Event "Speed Chess Championship 2020"]
[Site "Online"]
[Date "2020.11.08"]
[Round "1.2"]
[White "Abdusattorov, Nodirbek"]
[Black "So, Wesley"]
[Result "0-1"]
[WhiteElo "2662"]
[BlackElo "2816"]
[Annotator "TA"]
[PlyCount "146"]
[EventDate "2020.10.31"]
[EventType "k.o."]
[SourceTitle "playchess.com"]
[Source "ChessBase"]
[SourceQuality "1"]

{[%evp 10,146,28,0,12,0,11,0,10,20,33,22,19,12,25,25,26,29,19,10,37,24,53,-14,-14,-16,-20,0,-4,-18,-27,-10,0,0,0,0,0,-13,-14,-7,-25,-7,-7,-9,-23,-19,-21,-38,-24,-24,-12,-15,-20,-60,-50,-54,-45,-68,-69,-59,-51,-152,-121,-141,-137,-135,-136,-133,-125,-123,-34,-34,-33,-138,-152,-149,-151,-132,-131,-124,-8,-102,-8,-33,-37,-102,-8,-8,-8,-34,-38,-59,-56,-39,-44,-44,-8,-72,-26,-158,0,-65,0,-158,-158,-158,-158,-287,-287,-287,-287,-287,-287,-781,-755,-621,-504,-406,0,-516,-603,-578,-50,-719,-510,-29967,-29971,-29970,-29971,-29980,-29980,-29979,-29980,-29988,-29989,-29989,-29990,-29990,-29991]} 1. e4 e5 2. Nf3 Nc6 3. Bb5 Nf6 4. d3 Bc5 5. Bxc6 dxc6 6. Nc3 Nd7 {C48: Four Knights: 4 Bb5, replies other than 4...Bb4.} 7. Be3 (7. O-O {keeps more tension.} a5 8. Ne2 O-O 9. Ng3 Re8 10. h3) 7... Qe7 {[#]} 8. Qd2 $146 ({Predecessor:} 8. Bxc5 Nxc5 9. Qd2 Bg4 10. Qe3 Bxf3 11. Qxf3 Ne6 12. O-O O-O 13. Ne2 c5 14. Qg3 {0-1 (77) Yu,Y (2738)-Abdusattorov,N (2635) Moscow 2019}) 8... Bxe3 {The position is equal.} 9. Qxe3 Nf8 10. O-O-O Bg4 11. d4 exd4 12. Rxd4 Ne6 {[#] aiming for ...Bxf3.} 13. Rd2 Bxf3 14. gxf3 O-O 15. f4 Qc5 16. Qg3 ({White should play} 16. Qxc5 $14 Nxc5 17. b4) 16... f5 $1 $11 17. Re1 {Threatening exf5.} Rad8 18. Rxd8 Rxd8 19. Qe3 fxe4 20. Qxe4 Nd4 21. Qe7 Qxe7 22. Rxe7 {[%mdl 4096] Endgame KRN-KRN} Rc8 23. Kd2 Kf8 24. Rd7 Nf5 25. Ne4 Ke8 26. Rd3 $1 b6 27. Ng3 Nd6 28. b3 c5 29. c4 a5 30. Ke3 a4 31. Ne4 Nf5+ 32. Kd2 Ra8 33. Kc3 axb3 34. axb3 Nd4 35. Rd2 (35. Kb2 $15) 35... Ra1 36. Ng3 Rb1 {[%csl Gd4][%cal Rb1b3]} 37. Rb2 Rxb2 38. Kxb2 $17 {KN-KN} Kf7 39. Kc3 Kf6 ({Black should try} 39... Nf3 $17 40. h3 Ng1) 40. b4 $15 Ne6 41. f5 (41. bxc5 $15 Nxc5 42. Kd4) 41... cxb4+ $17 42. Kxb4 Nd4 43. Nh5+ Kf7 44. Ng3 Nf3 (44... c6 $17 45. h3 Kf6 46. Nh5+ Kxf5 47. Nxg7+ Ke5) 45. h3 (45. Kb5 $1 $11 {keeps the balance.}) 45... Ng5 (45... h6 $17) 46. h4 Nf3 47. h5 (47. Kb5 $1 $15) 47... Ne5 ({Better is} 47... Ke7 $17) 48. Kb5 $11 Ke7 49. c5 bxc5 50. Kxc5 Kf6 51. Kd5 $1 Nd3 52. f3 $1 h6 53. Ke4 (53. Kc6 $11) 53... Nc5+ 54. Kf4 (54. Kd5 $1 $11 Nb7 55. Ke4) 54... Nd3+ (54... Ke7 $17 55. Ne2 Nd7) 55. Ke4 $15 Nc5+ (55... Ne5 $15) 56. Kf4 $17 {next Ne4+ is good for White.} Nd7 57. Ne4+ Ke7 58. Nc3 (58. Ng3 $17 {was the only chance.}) 58... Nf6 $19 59. Ke5 Nxh5 60. Nd5+ Kd7 61. f4 $2 (61. Nb4) 61... c6 62. Nb6+ Ke7 63. Nc8+ Kd7 64. Nb6+ Kc7 65. Nc4 c5 $2 (65... Nf6 $19 {And now ...c5 would win.} 66. Ne3 h5) 66. Ke6 $2 {[%mdl 8192] This move loses the game for White.} (66. Kd5 $15) 66... Nxf4+ 67. Kf7 {[#]} (67. Ke5 $19 Nd3+ 68. Ke4 Nf2+ 69. Kf3) 67... h5 $1 {[%cal Rh5h4] Black mates.} ({Less strong is} 67... Nh5 68. Kg6 $17) 68. Kxg7 h4 69. Ne3 h3 70. Ng4 c4 71. Kg8 c3 72. f6 c2 73. f7 Ne6 {Av CentiPawn Loss W=-53/B=-18. Weighted=-56/-22} 0-1

[Event "Speed Chess Championship 2020"]
[Site "Online"]
[Date "2020.11.12"]
[Round "1.2"]
[White "Martirosyan, Haik M."]
[Black "Nakamura, Hikaru"]
[Result "0-1"]
[WhiteElo "2622"]
[BlackElo "2736"]
[Annotator "TA"]
[PlyCount "86"]
[EventDate "2020.10.31"]
[EventType "k.o."]
[SourceTitle "playchess.com"]
[Source "ChessBase"]
[SourceQuality "1"]

{[%evp 21,86,1,14,8,16,0,21,13,22,10,19,18,18,17,20,8,16,0,45,27,34,31,50,35,38,32,56,69,64,76,114,55,83,41,71,64,56,47,63,65,101,102,121,117,110,-5644,-5804,-29947,50,-29943,-29944,-12834,-4727,-29981,-29982,-29987,-29986,-29986,-29984,-29984,-29985,-29985,-29986,-29986,-29987,-29987,-29988]} 1. d4 Nf6 2. Nf3 e6 3. c4 d5 4. Nc3 Be7 5. Bg5 h6 6. Bxf6 Bxf6 7. e3 c6 8. Rc1 Nd7 9. Bd3 O-O 10. O-O dxc4 11. Bxc4 e5 12. d5 {now supersedes 12.h3. D55: Queen's Gambit Declined: 4 Bg5 Be7: Lines without ...h6 and 6...h6 7 Bxf6.} Nb6 13. b3 cxd5 14. Bxd5 {The position is equal.} Qe7 15. Qc2 Rd8 16. Qe4 Rb8 17. Rfd1 {[#]} Kh8 $146 ({Predecessor:} 17... Be6 18. Bxe6 Rxd1+ 19. Rxd1 Qxe6 20. h4 a6 21. Rd3 h5 22. g3 g6 23. Kg2 Kg7 {½-½ (39) Peralta,F (2569)-Ladron de Guevara Pinto,P (2346) Montcada 2017}) 18. a4 {[%cal Ba2a4,Ba4a5][%mdl 32]} g6 {Threatens to win with ...Bf5.} 19. g4 (19. Qb1 {is more complex.} a5 20. h3 Kg7 21. Rd3 Qb4 22. Nd2) 19... Be6 (19... a5 {looks sharper.} 20. h3 Kg7 21. Nd2 Bh4 22. Nf3 Bf6) 20. Bxe6 Qxe6 21. a5 Nd7 22. Nd5 Bg7 23. g5 f5 24. gxf6 Nxf6 25. Nxf6 Bxf6 26. b4 ({Don't go for} 26. Qxg6 $2 Rxd1+ 27. Rxd1 Rg8 $19) (26. Rxd8+ $16 Rxd8 27. Rc7 (27. Qxb7 e4 $11) (27. Qxg6 $2 Rg8 $19)) 26... Qf5 27. Qxf5 gxf5 28. Rxd8+ Rxd8 $16 {[%mdl 4096] Endgame KRB-KRN} 29. Rc7 e4 30. Nd4 $1 {[%cal Rd4f5]} Bxd4 31. exd4 Rxd4 32. Rxb7 $14 {aiming for a6. KR-KR} f4 {And now ...f3 would win.} 33. b5 $2 {[%mdl 8192]} ({But not} 33. Rxa7 $2 f3 $19) (33. Kf1 $16 Rd1+ {[#]} 34. Ke2 $1 {[%mdl 512]}) 33... f3 $19 {[%cal Rd4d1]} 34. h4 Rd1+ 35. Kh2 {[#]} e3 $1 {[%mdl 512]} 36. b6 (36. fxe3 f2) 36... axb6 37. a6 exf2 {Black mates.} 38. Rb8+ Kh7 39. Rb7+ Kg8 40. a7 Ra1 41. Rb8+ Kf7 42. Rb7+ Ke8 43. Rb8+ Kd7 {Weighted Error Value: White=0.70/Black=0.09} 0-1

[Event "Speed Chess Championship 2020"]
[Site "Online"]
[Date "2020.12.08"]
[Round "1.2"]
[White "Nihal Sarin"]
[Black "Vachier-Lagrave, Maxime"]
[Result "0-1"]
[WhiteElo "2620"]
[BlackElo "2784"]
[Annotator "TA"]
[PlyCount "80"]
[EventDate "2020.10.31"]
[EventType "k.o."]

{[%evp 17,80,26,46,38,29,21,52,50,41,39,50,31,47,34,48,32,29,24,36,29,52,22,16,0,1,0,0,0,0,0,0,-10,0,10,7,2,24,10,24,20,71,67,97,90,91,101,103,2,4,4,4,4,0,0,0,-80,-87,-87,-69,-79,-85,-613,-557,-1800,-1545]} 1. d4 d5 2. c4 c6 3. Nf3 Nf6 4. Nc3 e6 5. Bg5 Nbd7 6. e3 Qa5 7. Nd2 dxc4 8. Bxf6 Nxf6 9. Nxc4 Qd8 10. Rc1 {D52: Queen's Gambit Declined: Cambridge Springs Variation.} Be7 11. g3 O-O 12. Bg2 {White is slightly better.} Bd7 13. O-O Rc8 14. Qb3 Rc7 15. Rfd1 Qb8 {[#]} 16. Ne4 $146 ({Predecessor:} 16. e4 Rd8 17. e5 Nd5 18. Ne4 Be8 19. h4 Nb6 20. Nxb6 axb6 21. Qxb6 Rcd7 22. Nc5 Bxc5 23. Qxc5 {1-0 (52) Nihal,S (2620)-Vachier Lagrave,M (2784) Chess.com INT 2020}) 16... Nxe4 17. Bxe4 Rd8 18. Ne5 Be8 19. Nd3 b6 20. Kg2 c5 21. dxc5 bxc5 22. Qxb8 Rxb8 23. b3 a5 24. Rc3 f5 25. Bf3 g5 26. h3 h5 27. Rdc1 {[%cal Rd3c5]} g4 28. Be2 Rbc8 {[#]} (28... Bb5 $11 {remains equal.}) 29. Nf4 $1 $16 Bf7 30. Bc4 Rc6 31. Rd3 e5 32. Bxf7+ (32. Nd5 $16 gxh3+ 33. Kxh3) 32... Kxf7 $11 33. Nd5 Bf8 34. hxg4 hxg4 35. Rc4 Rd6 {...Ke6 is the strong threat.} 36. e4 {[#]} (36. Rd1 $1 $11 {keeps the balance.}) 36... fxe4 $1 $17 37. Rxe4 Ke6 $36 {[%mdl 2048] White is under pressure.} 38. Nf4+ $1 Kf5 {[%mdl 64] Double Attack} 39. Rxd6 $4 {[%mdl 8192]} (39. Rde3 $17 exf4 40. Rxf4+ Kg5 41. Re5+ Kh6 42. Rxg4) 39... Bxd6 $19 40. Nd5 {And now Ra4 would win.} Kxe4 {Weighted Error Value: White=0.52/Black=0.09} 0-1

[Event "Speed Chess Championship 2020"]
[Site "Online"]
[Date "2020.11.04"]
[Round "1.3"]
[White "Carlsen, Magnus"]
[Black "Maghsoodloo, Parham"]
[Result "1-0"]
[WhiteElo "2862"]
[BlackElo "2676"]
[Annotator "TA"]
[PlyCount "71"]
[EventDate "2020.10.31"]
[EventType "k.o."]
[SourceTitle "playchess.com"]
[Source "ChessBase"]
[SourceQuality "1"]

{[%evp 12,71,21,6,17,11,9,4,0,0,39,33,44,47,34,30,29,36,62,52,71,73,84,84,84,87,88,100,85,89,122,110,118,102,127,110,183,193,189,157,157,133,132,143,157,157,157,157,157,157,157,120,157,157,150,150,270,180,148,113,138,133]} 1. c4 e6 2. Nc3 d5 3. d4 Bb4 4. e3 Nf6 5. a3 Be7 6. Nf3 O-O 7. b4 Nbd7 {E51: Nimzo-Indian: Rubinstein: 4...0-0 5 Nf3 d5.} 8. Bb2 c6 9. c5 Qc7 {The position is equal.} 10. Bd3 e5 11. dxe5 Nxe5 12. Nxe5 Qxe5 13. Qc2 Qh5 14. Ne2 {[#]} Ng4 $146 ({Predecessor:} 14... Ne8 15. O-O-O a5 16. h4 axb4 17. axb4 Bf6 18. Nd4 Nc7 19. f3 Qh6 20. Qd2 Re8 {½-½ (31) Rosenthal,J-Capablanca,J New York 1916}) 15. h3 $36 {[%mdl 2048] Threatens to win with Ng3. White has the initiative.} Ne5 {[#]} 16. Bxh7+ $1 Qxh7 17. Qxh7+ Kxh7 18. Bxe5 b6 19. Nd4 Bd7 20. Rc1 Rfc8 21. Ke2 Kg6 22. Rc3 f6 23. Bf4 b5 (23... Kf7 $16 {was worth a try.} 24. Rb1 b5) 24. Bd6 $18 Bd8 25. g4 a5 26. Kf3 axb4 27. axb4 Ra4 28. Rb3 Rca8 29. h4 Ra2 30. h5+ Kh7 31. Rhb1 R8a6 32. R3b2 R2a3 33. Kg3 f5 (33... Rd3 $16 {was necessary.} 34. Bf4 Kg8) 34. Nxf5 Bf6 35. Rd2 Bxf5 36. gxf5 {Av CentiPawn Loss W=-8/B=-13. Weighted=-7/-14} 1-0